| 000 | 00825nam a2200217 a 4500 | ||
|---|---|---|---|
| 001 | 54644 | ||
| 003 | BD-RjUL | ||
| 005 | 20211209080141.0 | ||
| 008 | 161108r19521939ii ||||| |||| 00| d ben d | ||
| 035 | _a(BD-RjUL)54766 | ||
| 040 |
_aBD-RjUL _bben _cBD-RjUL |
||
| 041 | _aben | ||
| 082 |
_223 _a891.442 _bTAR 1952 |
||
| 100 |
_aঠাকুর, রবীন্দ্রনাথ _9162980 |
||
| 245 | 1 | 0 |
_aরাজা ও রানী / _cরবীন্দ্রনাথ ঠাকুর |
| 260 |
_aকলিকাতা : _bবিশ্বভারতী গ্রন্থালয়, _c১৯৩৯ [পুনর্মুদ্রণ ১৯৫২] |
||
| 300 |
_a[৮], ১৫০ পৃ. ; _c১৫ সেমি. |
||
| 650 |
_aবাংলা নাটক _9162981 |
||
| 650 |
_aBengali Drama _9162982 |
||
| 942 |
_2ddc _cBK |
||
| 999 |
_c54644 _d54644 |
||